[Event "Pan American-ch School U11 Girls 12th"]
[Site "Callao"]
[Date "2023.10.21"]
[Round "9"]
[White "Rosas Navarro, Dominic Giselle"]
[Black "Jimenez Salas, Fabiana"]
[Result "1-0"]
[WhiteElo "1251"]
[BlackElo "1283"]
[PlyCount "38"]
[EventDate "2023.10.16"]
[EventType "swiss"]
[EventRounds "9"]
[EventCountry "PER"]
[SourceTitle "CB48_2023"]
[SourceDate "2023.11.29"]
[SourceVersion "1"]
[SourceVersionDate "2023.11.29"]
[SourceQuality "1"]

1. c4 e6 2. Nc3 d6 3. e3 Nf6 4. Nf3 Be7 5. g3 0-0 6. b3 b6 7. d3 Bb7 8. Bb2 c5 9. Bg2 Nc6 10. 0-0 a6 11. Nd2 Qd7 12. Na4 Qd8 13. Rc1 Nb4 14. d4 Nxa2 15. Ra1 Nb4 16. dxc5 dxc5 17. Ba3 Qc7 18. Qc1 Rac8 19. Bxb4 cxb4 1-0

[Event "Pan American-ch School U11 Girls 12th"]
[Site "Callao"]
[Date "2023.10.18"]
[Round "5"]
[White "Rosas Navarro, Dominic Giselle"]
[Black "Enriquez Gordillo, Maria Jose"]
[Result "1-0"]
[WhiteElo "1251"]
[BlackElo "1104"]
[PlyCount "83"]
[EventDate "2023.10.16"]
[EventType "swiss"]
[EventRounds "9"]
[EventCountry "PER"]
[SourceTitle "CB48_2023"]
[SourceDate "2023.11.29"]
[SourceVersion "1"]
[SourceVersionDate "2023.11.29"]
[SourceQuality "1"]

1. d4 d5 2. c4 e6 3. Nc3 Nf6 4. Nf3 Be7 5. e3 0-0 6. Bd3 b6 7. 0-0 Bb7 8. Ne5 Nbd7 9. Nxd7 Qxd7 10. b3 c5 11. dxc5 Bxc5 12. Na4 Qc6 13. Qf3 dxc4 14. Qxc6 Bxc6 15. Nxc5 bxc5 16. Bxc4 Bd5 17. Bxd5 Nxd5 18. Ba3 Rac8 19. Rac1 Nb4 20. Rc4 Rfe8 21. Bxb4 cxb4 22. Rxb4 Rc2 23. Ra4 Ra8 24. g3 f5 25. Rd1 a5 26. b4 Rc4 27. Rd4 Rxd4 28. exd4 Kf7 29. Rxa5 Rd8 30. b5 Rxd4 31. b6 Rd8 32. Rb5 Ke7 33. a4 Kd6 34. a5 Kc6 35. Re5 Re8 36. Kf1 Kd6 37. f4 Rc8 38. Ke2 Rc2+ 39. Kd3 Rxh2 40. Rb5 Kc6 41. b7 Kxb5 42. b8Q+ 1-0

[Event "Pan American-ch School U11 Girls 12th"]
[Site "Callao"]
[Date "2023.10.16"]
[Round "2"]
[White "Chira Diaz, Antonella"]
[Black "Rosas Navarro, Dominic Giselle"]
[Result "0-1"]
[WhiteElo "1091"]
[BlackElo "1251"]
[PlyCount "58"]
[EventDate "2023.10.16"]
[EventType "swiss"]
[EventRounds "9"]
[EventCountry "PER"]
[SourceTitle "CB48_2023"]
[SourceDate "2023.11.29"]
[SourceVersion "1"]
[SourceVersionDate "2023.11.29"]
[SourceQuality "1"]

1. d4 d5 2. Bf4 Nf6 3. Nf3 e6 4. e3 c5 5. Nbd2 Nc6 6. c3 Bd6 7. Ne5 Qc7 8. Ndf3 cxd4 9. exd4 Nd7 10. Qa4 0-0 11. Bd3 Ndxe5 12. Bxe5 Nxe5 13. dxe5 Bxe5 14. Bxh7+ Kxh7 15. Qh4+ Kg8 16. Ng5 Rd8 17. 0-0 Bf6 18. Qh7+ Kf8 19. h4 Bxg5 20. hxg5 Qe5 21. f4 Qf5 22. Qh8+ Ke7 23. Qxg7 Bd7 24. Rae1 Rh8 25. Qd4 Bc6 26. Re5 Qh7 27. Rf3 Qb1+ 28. Kf2 Qxb2+ 29. Ke3 Qb6 0-1

[Event "Cochabamba GP op 4th"]
[Site "Cochabamba"]
[Date "2023.09.08"]
[Round "4"]
[White "Vargas Gonzales, Wanda Mariana"]
[Black "Rosas Navarro, Dominic Giselle"]
[Result "1/2-1/2"]
[WhiteElo "1066"]
[BlackElo "1252"]
[PlyCount "82"]
[EventDate "2023.09.07"]
[EventType "swiss"]
[EventRounds "7"]
[EventCountry "BOL"]
[SourceTitle "EXT 2024"]
[Source "ChessBase"]
[SourceDate "2023.10.10"]
[SourceVersion "1"]
[SourceVersionDate "2023.10.10"]
[SourceQuality "1"]

1. d4 d5 2. Nf3 Nf6 3. e3 e6 4. Bd3 Bd6 5. Ne5 Nbd7 6. f4 c5 7. c3 cxd4 8. exd4 Be7 9. 0-0 Qb6 10. Nd2 Nxe5 11. fxe5 Nd7 12. Qb3 Qxb3 13. Nxb3 b6 14. Be3 0-0 15. Nd2 f6 16. exf6 Rxf6 17. Nf3 h6 18. Nd2 Bb7 19. Rae1 Raf8 20. h3 a6 21. Rxf6 Rxf6 22. Rf1 Rxf1+ 23. Kxf1 b5 24. Nf3 Kf7 25. Bf4 g5 26. Ne5+ Nxe5 27. Bxe5 Bf6 28. Bh2 Bc6 29. Kf2 Bd8 30. Kf3 h5 31. Kf2 a5 32. Bd6 a4 33. g3 Bf6 34. g4 h4 35. a3 Be7 36. Be5 Bf6 37. Bd6 Be7 38. Be5 Bf6 39. Bd6 Be7 40. Be5 Bf6 41. Bd6 Bg7 1/2-1/2

[Event "BOL-ch U12 Girls"]
[Site "Cochabamba"]
[Date "2023.01.13"]
[Round "1"]
[White "Quispe Mamani, Lenny Liz Anabel"]
[Black "Rosas Navarro, Dominic Giselle"]
[Result "0-1"]
[WhiteElo "1001"]
[BlackElo "1049"]
[PlyCount "118"]
[EventDate "2023.01.13"]
[EventType "swiss"]
[EventRounds "7"]
[EventCountry "BOL"]
[SourceTitle "EXT 2024"]
[Source "ChessBase"]
[SourceDate "2023.10.10"]
[SourceVersion "1"]
[SourceVersionDate "2023.10.10"]
[SourceQuality "1"]

1. e4 e6 2. d4 d5 3. exd5 exd5 4. Nf3 Nf6 5. Bd3 Bd6 6. 0-0 0-0 7. Bg5 Nbd7 8. Nbd2 c6 9. c4 Qc7 10. h3 h6 11. Bh4 g5 12. Bg3 Bxg3 13. fxg3 Qxg3 14. Qc2 Qd6 15. Rae1 Kh8 16. Ne5 dxc4 17. Ndxc4 Qxd4+ 18. Kh2 Kg7 19. Rf3 Nxe5 20. Nxe5 Qd6 21. Kg1 Re8 22. Qc3 Be6 23. b3 Rad8 24. Bc2 Qd4+ 25. Qe3 Qxe3+ 26. Rexe3 Rd2 27. Rf2 Rxf2 28. Kxf2 Nd5 29. Rf3 Nb4 30. Bb1 Bxb3 31. Rxb3 Rxe5 32. Rxb4 b5 33. a4 a5 34. Rg4 h5 35. Rg3 bxa4 36. Ba2 Rf5+ 37. Ke3 Rc5 38. Kd4 Rf5 39. Ke4 Rf4+ 40. Kd3 f6 41. Re3 Rf2 42. Re7+ Kg6 43. Bf7+ Kf5 44. g4+ hxg4 45. hxg4+ Kxg4 46. Re4+ Rf4 47. Re6 a3 48. Rxc6 Ra4 49. Ba2 Rb4 50. Kc3 Rb2 51. Rc4+ Kh3 52. Ra4 Rxa2 53. Kb3 Rb2+ 54. Kxa3 Rb1 55. Rc4 g4 56. Rc3+ g3 57. Ka2 Rb6 58. Rd3 Kh2 59. Rd5 Kh3 0-1

[Event "BOL-ch U20 Girls"]
[Site "Cochabamba"]
[Date "2022.05.14"]
[Round "3"]
[White "Velasquez Nava, Marcia"]
[Black "Rosas Navarro, Dominic Giselle"]
[Result "1-0"]
[WhiteElo "1145"]
[BlackElo "1048"]
[PlyCount "53"]
[EventDate "2022.05.13"]
[EventType "swiss"]
[EventRounds "7"]
[EventCountry "BOL"]
[SourceTitle "EXT 2023"]
[Source "ChessBase"]
[SourceDate "2022.10.05"]
[SourceVersion "1"]
[SourceVersionDate "2022.10.05"]
[SourceQuality "1"]

1. d4 d5 2. Bf4 Nc6 3. e3 e6 4. Nf3 Bd6 5. Bg3 Nf6 6. c4 Ne4 7. Nbd2 Nxg3 8. hxg3 h6 9. Rc1 Bb4 10. a3 Bxd2+ 11. Qxd2 b6 12. b4 Bb7 13. c5 Qe7 14. Bb5 Kd7 15. Ne5+ Kc8 16. Bxc6 Bxc6 17. Nxc6 Qd7 18. Ne5 Qe7 19. Qc3 f6 20. Ng6 Qd7 21. Nxh8 Qc6 22. cxb6 Qxc3+ 23. Rxc3 axb6 24. Ng6 Kb7 25. 0-0 Re8 26. Rfc1 Rc8 27. b5 1-0